000 00871nam a22002297a 4500
999 _c64178
_d64178
005 20240530110718.0
008 180310s2016 ua a g b 000 0 ara d
017 _a2016/10126
_bمصر. دار الكتب
020 _a9789773192792
040 _aEG-CaGPL
_cEG-CaGPL
082 0 4 _221
_a070.44\
_bع ص
100 0 _aعمرو العراقى
245 1 0 _aصحافة البيانات :
_bخطوط جمع وتحليل البيانات وتصميم الانفوجرافيك /
_cعمرو العراقى .
250 _aط.1
260 _aالقاهرة :
_bالعربى للنشر و التوزيع ،
_c2016 .
300 _a207 ص. ؛
_c24 سم.
650 0 7 _2qrmak
_aالتحرير الصحفى
650 0 7 _2qrmak
_aالصحافة
650 0 7 _2qrmak
_aالصحافة الالكترونية
942 _2ddc
_cBK